Современная прикладная алгебра: учебное пособие; пер. с англ.

Bibliografiske detaljer
Hovedforfatter: Биркгоф Г. Гаррет
Andre forfattere: Барти Т.К.
Summary:Учебное пособие написано двумя известными американскими учеными, один из которых — Гаррет Биркгоф — известен широтой своих интересов, простирающихся от абстрактной алгебры до гидродинамики, а другой — Томас Барти возглавлял вычислительную лабораторию Гарвардского университета. На русском языке выходила «Теория структур» Г. Биркгофа, несколько изданий его знаменитой «Гидродинамики», «Теория решеток», совместная с Э. Сарантонелло монография по теории струй и другие работы в области математики и психологии. Книга, впервые изданная (на английском языке) в 1970 году, не утратила своей актуальности. В работе излагаются идеи и методы алгебры, нашедшие широкое применение в таких областях, как теория автоматов и вычислительных машин, передача сообщений и кодирование, языки программирования и математическая лингвистика. Она будет полезна тем, кто работает в этих областях, а также математикам всех специальностей, занимающихся прикладными вопросами. Отдельные главы могут быть рекомендованы тем, кто интересуется историей алголоподобных языков. Особый интерес она представляет для студентов университетов и высших технических учебных заведений, связанных с прикладной математикой.
Sprog:russisk
Udgivet: СПб. [и др.], Лань, 2005
Udgivelse:2-е изд., стер.
Serier:Учебники для вузов. Специальная литература
Fag:
Format: Bog
KOHA link:https://koha.lib.tpu.ru/cgi-bin/koha/opac-detail.pl?biblionumber=93409

MARC

LEADER 00000nam0a2200000 4500
001 93409
005 20231031105153.0
010 |a 5811406134  |b (в пер.)  |b 1500 экз. 
021 |a RU  |b 05-30833  |9 05-1543 
035 |a (RuTPU)RU\TPU\book\100019 
090 |a 93409 
100 |a 20060329d2005 m y0rusy5002 ca 
101 1 |a rus  |c eng 
102 |a RU 
105 |a a j 001zy 
200 1 |a Современная прикладная алгебра  |e учебное пособие  |e пер. с англ.  |f Г. Биркгоф, Т.К. Барти  |g перевод Ю. И. Манина 
205 |a 2-е изд., стер. 
210 |a СПб. [и др.]  |c Лань  |d 2005 
215 |a 400 с.  |c ил. 
225 1 |a Учебники для вузов. Специальная литература 
320 |a Предм. указ.: с. 391-396. 
320 |a Библиогр. в конце глав. 
330 |a Учебное пособие написано двумя известными американскими учеными, один из которых — Гаррет Биркгоф — известен широтой своих интересов, простирающихся от абстрактной алгебры до гидродинамики, а другой — Томас Барти возглавлял вычислительную лабораторию Гарвардского университета. На русском языке выходила «Теория структур» Г. Биркгофа, несколько изданий его знаменитой «Гидродинамики», «Теория решеток», совместная с Э. Сарантонелло монография по теории струй и другие работы в области математики и психологии. Книга, впервые изданная (на английском языке) в 1970 году, не утратила своей актуальности. В работе излагаются идеи и методы алгебры, нашедшие широкое применение в таких областях, как теория автоматов и вычислительных машин, передача сообщений и кодирование, языки программирования и математическая лингвистика. Она будет полезна тем, кто работает в этих областях, а также математикам всех специальностей, занимающихся прикладными вопросами. Отдельные главы могут быть рекомендованы тем, кто интересуется историей алголоподобных языков. Особый интерес она представляет для студентов университетов и высших технических учебных заведений, связанных с прикладной математикой. 
610 1 |a математика 
610 1 |a алгебра 
610 1 |a прикладная алгебра 
610 1 |a множества 
610 1 |a функции 
610 1 |a графы 
610 1 |a бинарные отношения 
610 1 |a конечные автоматы 
610 1 |a языки программирования 
610 1 |a булевы алгебры 
610 1 |a оптимизация 
610 1 |a вычислительные машины 
610 1 |a проектирование 
610 1 |a группы 
610 1 |a моноиды 
610 1 |a двоичные коды 
610 1 |a решетки 
610 1 |a кольца 
610 1 |a идеалы 
610 1 |a полиномиальные кольца 
610 1 |a конечные поля 
610 1 |a рекуррентные последовательности 
610 1 |a вычислимость 
610 1 |a учебные пособия 
675 |a 512(075.8)  |v 3  |z rus 
700 1 |a Биркгоф  |b Г.  |g Гаррет  |4 070 
701 1 |a Барти  |b Т.К.  |4 070 
801 0 |a RU  |b RKP  |c 20050621  |g PSBO 
801 1 |a RU  |b 63413507  |c 20060329  |g PSBO 
801 2 |a RU  |b 63413507  |c 20220615  |g PSBO 
942 |c BK